المشروعات البحثية المدعومة .... / (رقم التسجيلة. 82537)

تفاصيل مارك
000 -LEADER
fixed length control field 00577nam a22001817a 4500
005 - DATE AND TIME OF LATEST TRANSACTION
control field 20251108172547.0
008 - FIXED-LENGTH DATA ELEMENTS--GENERAL INFORMATION
fixed length control field 250721s1999 xx 000 0 ara d
082 14 - DEWEY DECIMAL CLASSIFICATION NUMBER
Classification number 630.7/دوي
100 1# - MAIN ENTRY--PERSONAL NAME
Personal name الدويري، إبراهيم محمد
245 10 - TITLE STATEMENT
Title المشروعات البحثية المدعومة .... /
264 1# - PRODUCTION, PUBLICATION, DISTRIBUTION, MANUFACTURE, AND COPYRIGHT NOTICE
Place of production, publication, distribution, manufacture عمان :
Name of producer, publisher, distributor, manufacturer المجلس الاعلى للعلوم،
Date of production, publication, distribution, manufacture, or copyright notice 1999.
300 ## - PHYSICAL DESCRIPTION
Extent 55 ص
650 17 - SUBJECT ADDED ENTRY--TOPICAL TERM
Topical term or geographic name as entry element التربة القاحلة
650 17 - SUBJECT ADDED ENTRY--TOPICAL TERM
Topical term or geographic name as entry element وسائط الأشناط
650 17 - SUBJECT ADDED ENTRY--TOPICAL TERM
Topical term or geographic name as entry element الأبحاث الزراعية
942 ## - ADDED ENTRY ELEMENTS (KOHA)
Source of classification or shelving scheme Dewey Decimal Classification
Koha item type كتب
المقتنيات
حالة السحب حالة الفقدان مصدر التصنيف حالة التلف غير قابل للإعارة المكتبة الرئيسية المكتبة الحالية موقع الرف تاريخ التزويد الرقم المتسلسل Total Checkouts رقم الإستدعاء تاريخ آخر ظهور تاريخ الفاتورة نوع المادة (كوها) الباركود
    Dewey Decimal Classification Unchecked   مكتبة الأميرة ايمان العامة مكتبة الأميرة ايمان العامة الإعارة 28/07/2025 11593   630.7/دوي 28/07/2025 28/07/2025 كتب  
    Dewey Decimal Classification Unchecked   مكتبة الأميرة ايمان العامة مكتبة الأميرة ايمان العامة الإعارة 28/07/2025 11598   630.7/دوي 28/07/2025 28/07/2025 كتب  
    Dewey Decimal Classification Unchecked   مكتبة الاميرة بديعة مكتبة الاميرة بديعة الإعارة 28/07/2025 9279   630.7/دوي 28/07/2025 28/07/2025 كتب  
    Dewey Decimal Classification     مكتبة الراية الهاشمية للأطفال مكتبة الراية الهاشمية للأطفال الأطفال 30/09/2015 1466593   630.7/دوي 28/07/2025 30/09/2015 كتب PLD00350502
    Dewey Decimal Classification     مكتبة صويلح العامة مكتبة صويلح العامة الإعارة 24/06/2019 014559   630.7/دوي 28/07/2025 24/06/2019 كتب PLD00454896
    Dewey Decimal Classification     مكتبة صويلح العامة مكتبة صويلح العامة الإعارة 04/01/1980 014564   630.7/دوي 28/07/2025 04/01/1980 كتب PLD00484480
    Dewey Decimal Classification     مكتبة وادي السير العامة مكتبة وادي السير العامة الإعارة 28/07/2025 8165   630.7/دوي 28/07/2025 28/07/2025 كتب DUP-02_8165
Implemented & Customized by: BBB with SCIT (Smart Chains for Information Technology)

Powered by Koha